00353ntaaa2200145 45000030003000000050017000030080021000200400037000410820017000781000020000952450026001152500010001412600046001513000010001970120251027202744.00714s1973 ag 01  aAR-BaBNbspacAR-BaBNeaacrdRIC a790.0000 M26 aMadow, Pauline  aRecreation in America a1 ed. aNew York : bH.W. Wilson Company, cc1965 a206 p